| 000 | 01328nam a2200301 a 4500 | ||
|---|---|---|---|
| 005 | 20200104041609.0 | ||
| 008 | 140128b2007 ck ||||| |||| 00| 0 spa d | ||
| 040 | _cCO-BoIH | ||
| 041 | _aspa | ||
| 044 | _ack | ||
| 090 |
_aIAVH _b00868 |
||
| 100 |
_aGranados Tochoy, Juan Carlos _95506 |
||
| 245 | _aEstudio florístico de la agrobiodiversidad del municipio de Garagoa (Valle de Tenza, Boyacá, Colombia) | ||
| 260 |
_aBogotá _bInstituto Alexander von Humboldt _bCorporación Mamapacha _c2007 |
||
| 300 | _a76 p. | ||
| 520 | _aContiene un inventario florístico preliminar de las plantas cultivadas y silvestres de importancia tradicional, que sirva de base para posteriores evaluaciones de agrobiodiversidad y proyecto que pretendan mejorar la productividad de los agroecosistemas en el municipio de Garagoa, Boyacá. Contiene la metodología desarrollada en el estudio y sus principales resultados | ||
| 650 |
_aInventario florístico _95507 |
||
| 650 |
_aPlantas cultivadas _93915 |
||
| 650 |
_aPlantas silvestres _930230 |
||
| 650 |
_aAgroecosistemas _930231 |
||
| 650 |
_aMetodología _9120 |
||
| 662 |
_aColombia _cGaraoa _bBoyaca |
||
| 700 |
_aLastra Romero, Camilo Andrés _95509 |
||
| 700 |
_aCorrea Casas, Martha _95510 |
||
| 700 |
_aMonsalve, Dora _95511 |
||
| 942 |
_cINFORME _2z _02 |
||
| 945 | _d2008-06-27 | ||
| 999 |
_c6353 _d6353 |
||